Người vớt phù du : Tập truyện ngắn
Gespeichert in:
| 1. Verfasser: | |
|---|---|
| Format: | Buch |
| Sprache: | Undetermined |
| Veröffentlicht: |
Thành phố Hồ Chí Minh
Trẻ
2007
|
| Schlagworte: | |
| Tags: |
Tag hinzufügen
Keine Tags, Fügen Sie den ersten Tag hinzu!
|
| Thư viện lưu trữ: | Trung tâm Học liệu Trường Đại học Cần Thơ |
|---|
| LEADER | 00588nam a2200217Ia 4500 | ||
|---|---|---|---|
| 001 | CTU_123445 | ||
| 008 | 210402s9999 xx 000 0 und d | ||
| 020 | |c 37000 | ||
| 082 | |a 895.922331 | ||
| 082 | |b A107 | ||
| 100 | |a Phạm, Hải Anh | ||
| 245 | 0 | |a Người vớt phù du : | |
| 245 | 0 | |b Tập truyện ngắn | |
| 245 | 0 | |c Phạm Hải Anh | |
| 260 | |a Thành phố Hồ Chí Minh | ||
| 260 | |b Trẻ | ||
| 260 | |c 2007 | ||
| 650 | |a short stories | ||
| 650 | |x vietnamese | ||
| 904 | |i Nguyên | ||
| 980 | |a Trung tâm Học liệu Trường Đại học Cần Thơ | ||